01300nam a22001217a 4500008004100000100003700041245007900078260003200157300003000189520082400219650010301043773003201146230906b ||||| |||| 00| 0 eng d aZhu, Liuying and Cheung, Sai On aIncentivizing relationship investment for project performance improvementv aProject Management Journal  a54(1), Feb, 2023: p.70-87 aCollaboration between developers and contractors is pivotal to the efficient completion of construction projects. Relational contracting practice has been used to promote working partnerships. Construction incentivization can be a valuable contractual tool to build relationships. This study proposes that incentivization can serve as an instrumental means to forge interorganizational relationships and corresponding project performance improvements. With data collected from experienced construction professionals, the hypotheses are empirically supported by structural equation modeling. It is therefore concluded that in addition to its conventional uses, incentivization can be innovatively designed to develop and manage interorganizational relationships and engender project performance improvement.- Reproduced  aIncentivization, Inter organizational relationships, Contracting behavior, Project performance.  aProject Management Journal